| 000 | 01004nam a22002057a 4500 | ||
|---|---|---|---|
| 999 |
_c3440 _d3440 |
||
| 003 | AR-CdUCM | ||
| 008 | 190306b ||||| |||| 00| 0 spa d | ||
| 040 |
_aMUNICIPALIDAD PROVINCIAL DEL CUSCO _cBIBLIOTECA MUNICIPAL DEL CUSCO |
||
| 082 |
_a335.4 / _bL44 |
||
| 100 |
_aLenin _911342 |
||
| 245 | _aEl programa agrario de la socialdemocracia en la primera revolución rusa de 1905-1907 / | ||
| 260 |
_aMoscú : _bProgreso Moscú, |
||
| 300 |
_a246 páginas ; _bretrato, _c20 cm. |
||
| 505 | _aContenido: Las bases económicas y la esencia de la revolución agraria en Rusia -- Los programas agrarios del Posdr y su comprobación en el curso de la primera revolución -- Los fundamentos teóricos de la nacionalización y de la municipalización -- Consideraciones de orden político y táctico en torno a las cuestiones del programa agrario ... | ||
| 650 |
_aAgricultura y Estado _94586 |
||
| 650 |
_aRusia _9499 |
||
| 650 |
_aMarxismo - Política agraria _911343 |
||
| 942 |
_2ddc _cLIBROS |
||
| 945 | _aachl | ||